Największe miasta zaczynające się na literę T - Statystyki

Ogólne statystyki
  • Ten quiz został rozwiązany 19 razy
  • Średni wynik to 8 z 17
Statystyki odpowiedzi
Państwo Populacja Miasto % Poprawnych
Japonia 41,0 mln Tokio
100%
Kanada 7,70 mln Toronto
94%
Iran 16,5 mln Teheran
81%
Tajwan 9,95 mln Tajpej
69%
Uzbekistan 3,78 mln Taszkent
69%
Tunezja 2,70 mln Tunis
69%
Izrael 2,95 mln Tel Awiw
63%
Libia 1,82 mln Trypolis
63%
Meksyk 2,25 mln Tijuana
44%
Stany Zjednoczone 4,93 mln Tampa
38%
Iran 1,94 mln Tebriz
31%
Chiny 11,5 mln Tiencin
31%
Meksyk 2,68 mln Toluca
13%
Chiny 2,70 mln Tangshan
6%
Tajwan 2,78 mln Taichung
0%
Chiny 5,95 mln Taiyuan
0%
Chiny 2,58 mln Taizhou
0%
Nie znaleziono quizów pasujących do podanych kryteriów
Rozkład punktacji
Procent ludzi z każdym wynikiem
Percentyl według liczby udzielonych odpowiedzi
Twoja historia wyników
Nie rozwiązałeś tego quizu